008050000a22002890004500500004400000650001800044650002200062650001500084650001700099650002100116650001800137650002000155650002600175651001900201650002200220650002100242082002200263530000600285100002500291100002700316245007600343020001800419260004500437260000900482300001600491041000800507 aBibliography at the end of each chapter aEthnic groups aEthnic minorities aEmployment aAnthropology aDomestic workers aWomen workers aMinority groups aEthnic discrimination aSoutheast Asia aDomestic services aDomestic workers a305.800954bAd13h aM aAdams,Katheen M. ed. aDicyedy, Sara, jt. ed. aHome and hegemony; domestic service and identity politics in South Asia a0-472-III06-x aAmericabThe University of Michigan, USA c2000 aviii, 307p. aEng